[Event "ch-FRA Blitz Online Qual"]
[Site "Europe-Chess INT"]
[Date "2020.05.16"]
[Round "12"]
[White "Langer, Franck"]
[Black "Pierre, Timothee"]
[Result "0-1"]
[WhiteElo "1327"]
[BlackElo "1858"]
[WhiteFideId "45175063"]
[BlackFideId "643076"]
[EventDate "2020.05.16"]

1. d4 f5 2. c4 Nf6 3. Nc3 e6 4. Nf3 Be7 5. Bf4 O-O 6. h3 b6 7. e3 Bb7 8. Be2 Ne4
9. Nxe4 Bxe4 10. O-O d6 11. Nd2 Bb7 12. Nb3 Qe8 13. Bf3 Bxf3 14. Qxf3 Nd7 15.
Rac1 c5 16. dxc5 dxc5 17. Rfd1 Nf6 18. Nd2 Rd8 19. Qe2 Qg6 20. Nf3 Ne4 21. Ne5
Qf6 22. Rxd8 Rxd8 23. Rd1 Rxd1+ 24. Qxd1 g5 25. Bh2 Bd6 26. f3 Bxe5 27. Bxe5
Qxe5 28. fxe4 Qxe4 29. Qd8+ Kf7 30. Qxg5 Qb1+ 31. Kh2 Qxb2 32. Qh5+ Kf6 33. Qh4+
Ke5 34. Qf4+ Kf6 35. Qh4+ Kg7 36. Qe7+ Kg6 37. Qxe6+ Qf6 38. Qe8+ Kg7 39. Qd7+
Qf7 40. Qxf7+ Kxf7 41. Kg3 Ke6 42. Kf4 a6 43. g4 fxg4 44. hxg4 b5 45. cxb5 axb5
46. e4 b4 47. e5 c4 48. Ke4 b3 49. axb3 cxb3 50. Kd3 Kxe5 51. Kc3 Kf4 52. Kxb3
Kxg4 53. Kc2 h5 54. Kd2 Kg3 55. Ke2 Kg2 56. Ke1 h4 57. Ke2 h3 0-1

[Event "ch-FRA Blitz Online Qual"]
[Site "Europe-Chess INT"]
[Date "2020.05.16"]
[Round "12"]
[White "Plaidit, Hugo"]
[Black "LHeritier, Boris"]
[Result "0-1"]
[WhiteElo "1319"]
[BlackElo "1763"]
[WhiteFideId "551003066"]
[BlackFideId "26033003"]
[EventDate "2020.05.16"]

1. e4 g6 2. d4 Bg7 3. Nf3 c6 4. Nc3 d5 5. exd5 cxd5 6. Bf4 Nc6 7. Be2 Bg4 8. Be3
e6 9. h3 Bxf3 10. Bxf3 Nge7 11. O-O O-O 12. Qd2 Nf5 13. Rad1 Nfxd4 14. Bxd4 Nxd4
15. Be2 a6 16. Rfe1 Rc8 17. a3 b5 18. Bf1 Qb6 19. Bd3 Nc6 20. a4 b4 21. Ne2 Ne5
22. b3 Nxd3 23. Qxd3 a5 24. Ng3 Rc3 25. Qe2 Rfc8 26. Nf1 Rxc2 27. Qf3 R8c3 28.
Qf4 Bh6 29. Qf6 Bg7 30. Qf4 e5 31. Qg4 Qxf2+ 32. Kh1 f5 33. Qg5 Bf6 0-1

[Event "ch-FRA Blitz Online Qual"]
[Site "Europe-Chess INT"]
[Date "2020.05.16"]
[Round "12"]
[White "Rajaobelina, Hery"]
[Black "Thibous, Mathis"]
[Result "0-1"]
[WhiteElo "1592"]
[BlackElo "1313"]
[WhiteFideId "36054836"]
[BlackFideId "45163014"]
[EventDate "2020.05.16"]

1. e4 c5 2. Nf3 a6 3. c4 d6 4. d4 cxd4 5. Nxd4 Nc6 6. Be3 g6 7. Nc3 Bg7 8. Qd2
Nf6 9. f3 Bd7 10. Be2 Rb8 11. Rc1 Nxd4 12. Bxd4 O-O 13. O-O b6 14. Kh1 Ne8 15.
Bxg7 Nxg7 16. Rfd1 a5 17. Nb5 Bxb5 18. cxb5 Rc8 19. a4 Ne6 20. g3 Rxc1 21. Rxc1
Qd7 22. b4 axb4 23. Qxb4 Rc8 24. Rxc8+ Qxc8 25. Qc4 Qxc4 26. Bxc4 Nc5 27. Kg1
Nxa4 28. Kf2 Nc5 29. Ke3 e6 30. f4 Kf8 31. g4 Ke7 32. f5 f6 33. h4 gxf5 34. gxf5
h6 35. h5 exf5 36. exf5 Nd7 37. Ke4 Ne5 38. Be2 Kd7 39. Kd5 Nf7 40. Bd3 Ng5 41.
Be2 Nh3 42. Bf3 Nf4+ 43. Ke4 Nh3 44. Ke3 Ng5 45. Bc6+ Ke7 46. Kf4 Nh3+ 47. Ke4
Ng5+ 48. Kd5 Nf3 49. Ke4 Nd2+ 50. Kd3 Nb3 51. Kc3 Nc5 52. Kc4 Nd7 53. Bxd7 Kxd7
54. Kd5 Kc7 55. Ke6 d5 56. Kxd5 Kd7 0-1

[Event "ch-FRA Blitz Online Qual"]
[Site "Europe-Chess INT"]
[Date "2020.05.16"]
[Round "12"]
[White "Anas, Jacques"]
[Black "Lamblain, Nicolas"]
[Result "0-1"]
[WhiteElo "1304"]
[BlackElo "1645"]
[WhiteFideId "36094552"]
[BlackFideId "20605641"]
[EventDate "2020.05.16"]

1. d3 e5 2. e3 d5 3. Bd2 Nf6 4. Be2 c5 5. Nf3 Nc6 6. O-O Bd6 7. Nc3 h6 8. e4 d4
9. Nd5 Nxd5 10. exd5 Ne7 11. b3 Nxd5 12. c4 dxc3 13. Bc1 O-O 14. a4 f5 15. Ne1
Qh4 16. g3 Qf6 17. Bf3 Ne7 18. Ba3 Rb8 19. Nc2 b6 20. Rb1 Rd8 21. b4 cxb4 22.
Bxb4 Bb7 23. Bxc3 Ng6 24. Bxb7 Rxb7 25. d4 f4 26. dxe5 Bxe5 27. Qf3 Rc7 28. Bxe5
Qxe5 29. Nb4 Rc3 30. Qg2 f3 31. Qh3 Qg5 32. Qe6+ Kh7 0-1

[Event "ch-FRA Blitz Online Qual"]
[Site "Europe-Chess INT"]
[Date "2020.05.16"]
[Round "12"]
[White "Andre, Sebastien"]
[Black "Hwang, Daniel"]
[Result "1-0"]
[WhiteElo "1610"]
[BlackElo "1557"]
[WhiteFideId "26016982"]
[BlackFideId "45136890"]
[EventDate "2020.05.16"]

1. e4 e5 2. Nf3 Nc6 3. d4 exd4 4. Nxd4 Nf6 5. Bg5 h6 6. Bxf6 Qxf6 7. Nxc6 bxc6
8. Nc3 Bb4 9. Qd3 O-O 10. a3 Ba5 11. b4 Bb6 12. f3 Re8 13. O-O-O Bb7 14. g4 a5
15. h4 Qf4+ 16. Kb2 Ba6 17. Qd2 Be3 18. Qxd7 axb4 19. axb4 Rab8 20. Bxa6 Red8
21. Qxd8+ Rxd8 22. Rxd8+ Kh7 23. Bd3 Qxf3 24. Rf1 Qxg4 25. Rxf7 Kg6 26. Rdd7 Qe6
27. Rxg7+ Kh5 28. Be2+ Kxh4 29. Rd1 Qh3 30. Bf3 Qxf3 31. Rd3 Qf4 32. Nd1 Qe5+
33. Kb3 Qxg7 34. Rxe3 Qf6 35. c3 Kg4 36. e5 Qe6+ 37. Kb2 Kf5 38. Nf2 Kf4 39. Re1
Kf3 40. Nd3 Qc4 41. Nc5 Qb5 42. e6 Qb8 43. e7 Qe8 44. Nd3 h5 45. Ne5+ Kf4 46.
Ng6+ Kg5 47. Ne5 Kf5 48. Nxc6 h4 49. Rf1+ Ke6 50. Rf8 Qxc6 51. e8=Q+ Qxe8 52.
Rxe8+ Kf5 53. Rh8 Kg4 54. Rxh4+ Kxh4 55. Kb3 Kg5 56. Kc4 Kf6 57. Kc5 Ke7 58. Kc6
Kd8 59. c4 Kc8 60. c5 Kb8 61. Kd7 Kb7 62. b5 Kb8 63. c6 Ka7 64. Kxc7 Ka8 65. Kd7
Kb8 66. c7+ Kb7 67. c8=Q+ Ka7 68. b6+ Kxb6 69. Qc7+ Ka6 70. Qb8 Ka5 71. Kc6 Ka6
72. Qb6# 1-0

[Event "ch-FRA Blitz Online Qual"]
[Site "Europe-Chess INT"]
[Date "2020.05.16"]
[Round "12"]
[White "Gouait, Raymond"]
[Black "Naillou, Jean-Marc"]
[Result "1-0"]
[WhiteElo "1566"]
[BlackElo "1449"]
[WhiteFideId "20621604"]
[BlackFideId "36047724"]
[EventDate "2020.05.16"]

1. d4 Nf6 2. c4 e6 3. Nc3 d5 4. Nf3 c5 5. e3 Be7 6. Be2 O-O 7. O-O Nc6 8. b3 b6
9. Bb2 Bb7 10. Bd3 h6 11. Ne2 Qd7 12. Ne5 Nxe5 13. dxe5 Nh7 14. f4 f6 15. Ng3
fxe5 16. Bxe5 Bf6 17. Bxf6 Nxf6 18. Bc2 Rae8 19. Qd3 Ne4 20. Nxe4 Qf7 21. Nd6 1-0

[Event "ch-FRA Blitz Online Qual"]
[Site "Europe-Chess INT"]
[Date "2020.05.16"]
[Round "12"]
[White "Langer, Karele"]
[Black "De Smet, Fabrice"]
[Result "1/2-1/2"]
[WhiteElo "1282"]
[BlackElo "1520"]
[WhiteFideId "551017938"]
[BlackFideId "45129657"]
[EventDate "2020.05.16"]

1. d4 Nf6 2. c4 g6 3. Nc3 Bg7 4. e4 d6 5. h3 O-O 6. Bf4 c5 7. d5 e6 8. Nf3 exd5
9. cxd5 Re8 10. Bd3 Na6 11. O-O Nb4 12. Bb1 b6 13. a3 Na6 14. Bd3 Nc7 15. Re1
Ba6 16. Bc2 b5 17. Ng5 h6 18. Nf3 b4 19. axb4 cxb4 20. Nb1 g5 21. Bh2 Rb8 22.
Nbd2 Bb5 23. Rxa7 Nd7 24. Bxd6 Na6 25. Bb3 Nf6 26. Bxb8 Qxb8 27. Rxa6 Bxa6 28.
Qc2 Rc8 29. Qb1 Nd7 30. Rc1 Ne5 31. Nxe5 Bxe5 32. Rxc8+ Qxc8 33. Nf3 Bg7 34. e5
Qe8 35. Qe4 f6 36. d6+ Kh8 37. Qxb4 fxe5 38. Qb6 Bc8 39. Qc7 Qd7 40. Qxd7 Bxd7
41. Bc4 Kh7 42. Bd3+ Kg8 43. Bc4+ Kh7 44. Bd3+ Kg8 45. Bc4+ Kh7 1/2-1/2

[Event "ch-FRA Blitz Online Qual"]
[Site "Europe-Chess INT"]
[Date "2020.05.16"]
[Round "12"]
[White "Hetier, Thomas"]
[Black "Courjal, Juliette"]
[Result "1-0"]
[WhiteElo "1598"]
[BlackElo "1388"]
[WhiteFideId "45146586"]
[BlackFideId "45147833"]
[EventDate "2020.05.16"]

1. f4 e5 2. e4 d5 3. exd5 Qxd5 4. Nc3 Qe6 5. fxe5 Qxe5+ 6. Qe2 Qxe2+ 7. Ngxe2
Nc6 8. a3 Bc5 9. d3 Nf6 10. Bd2 Be6 11. O-O-O O-O-O 12. h3 Rd6 13. Nf4 Rhd8 14.
Nxe6 Rxe6 15. g4 Nd4 16. Bg2 Ra6 17. Rhf1 Rdd6 18. g5 Nd7 19. Ne4 Rdb6 20. Nxc5
Nxc5 21. Bb4 Nce6 22. Rxf7 c5 23. Bc3 Ne2+ 24. Kd2 Nxc3 25. Kxc3 Nd4 26. Re1
Nb5+ 27. Kd2 Nd6 28. Rxg7 Rxb2 29. Ree7 Rab6 30. Rg8+ Ne8 31. Rgxe8# 1-0

[Event "ch-FRA Blitz Online Qual"]
[Site "Europe-Chess INT"]
[Date "2020.05.16"]
[Round "12"]
[White "Krajewski, Thomas"]
[Black "Lesage, Margot"]
[Result "1-0"]
[WhiteElo "1273"]
[BlackElo "1598"]
[WhiteFideId "45103429"]
[BlackFideId "45137013"]
[EventDate "2020.05.16"]

1. e4 c5 2. d4 cxd4 3. Qxd4 Nc6 4. Qd1 g6 5. Nc3 Bg7 6. Bd3 Nf6 7. Be3 O-O 8.
Qd2 Ng4 9. f3 Nxe3 10. Qxe3 e6 11. Nge2 d5 12. exd5 exd5 13. Qd2 Re8 14. O-O-O
a6 15. Nf4 d4 16. Ne4 b5 17. Rhe1 b4 18. Nf2 a5 19. Rxe8+ Qxe8 20. Re1 Qd8 21.
Be4 Bb7 22. Qd3 Ne5 23. Qb5 Bxe4 24. Rxe4 Rb8 25. Qc5 Nd7 26. Qd6 Rb6 27. Qe7
Qc8 28. Qe8+ Qxe8 29. Rxe8+ Bf8 30. Nd5 Rd6 31. Ne7+ Kg7 32. Ne4 Re6 33. Rxf8
Kxf8 34. Nd5 Nb6 35. Nxb6 Rxb6 36. Kd2 a4 37. Kd3 a3 38. b3 Rb8 39. Kxd4 Rd8+
40. Ke3 Rc8 41. Kd3 Rd8+ 42. Kc4 Rb8 43. Nc5 Ke7 44. h3 Kd6 45. Ne4+ Ke5 46. Ng5
Kf5 47. Nxf7 Rb6 48. Nh6+ 1-0

[Event "ch-FRA Blitz Online Qual"]
[Site "Europe-Chess INT"]
[Date "2020.05.16"]
[Round "12"]
[White "Albaladejo, Sylviane"]
[Black "Barrera, Armando"]
[Result "0-1"]
[WhiteElo "1025"]
[BlackElo "1486"]
[WhiteFideId "20605218"]
[BlackFideId "551036657"]
[EventDate "2020.05.16"]

1. e4 c5 2. c4 Nc6 3. Nc3 e5 4. Nf3 Nf6 5. d3 Be7 6. Be2 Nd4 7. Nxd4 cxd4 8. Nd5
O-O 9. O-O b6 10. a3 Bb7 11. Nxe7+ Qxe7 12. Bg5 Qe6 13. h3 Qc6 14. b3 a5 15. a4
Rae8 16. f4 h6 17. Bxf6 Qxf6 18. f5 d6 19. Bg4 Qg5 20. Qc1 Qxc1 21. Raxc1 f6 22.
Rb1 Bc6 23. Bh5 Rb8 24. Bf3 Rfd8 25. Bd1 Kf7 26. b4 g6 27. b5 Be8 28. fxg6+ Kxg6
29. Rf3 Kf7 30. Rg3 Ke6 31. Bg4+ Ke7 32. h4 h5 33. Bf5 Bf7 34. Rg7 Rf8 35. Bg6
Ke6 36. Rxf7 Rxf7 37. Bxf7+ Kxf7 38. Rf1 Rg8 39. Kh2 Rg4 40. g3 Ke6 41. Re1 f5
42. exf5+ Kxf5 43. Rf1+ Ke6 44. Rf8 d5 45. cxd5+ Kxd5 46. Rh8 e4 47. Rxh5+ Kd6
48. dxe4 Rxe4 49. Rh6+ Kc5 50. h5 d3 51. Kh3 d2 52. Rh8 d1=Q 53. Rc8+ Kb4 54.
Rg8 Qxh5+ 55. Kg2 Re2+ 56. Kf1 Qf3+ 57. Kg1 Qg2# 0-1

[Event "ch-FRA Blitz Online Qual"]
[Site "Europe-Chess INT"]
[Date "2020.05.16"]
[Round "12"]
[White "Drieu, Hugo"]
[Black "Le Neindre, Yael"]
[Result "0-1"]
[WhiteElo "1425"]
[BlackElo "1258"]
[WhiteFideId "45170738"]
[BlackFideId "551064260"]
[EventDate "2020.05.16"]

1. e4 e5 2. Bc4 Nf6 3. d3 Nc6 4. Nc3 Bb4 5. a3 Bc5 6. f4 O-O 7. Nf3 exf4 8. Bxf4
Re8 9. Qd2 d6 10. O-O-O Ne5 11. d4 Nxc4 12. Qd3 Nxb2 13. Kxb2 Bb6 14. Bg5 Be6
15. e5 dxe5 16. Nxe5 h6 17. Bh4 Qd6 18. Ne4 Nxe4 19. Qxe4 c6 20. Rhf1 Qc7 21.
Qf3 c5 22. Qg3 cxd4 23. Bf6 g6 0-1

[Event "ch-FRA Blitz Online Qual"]
[Site "Europe-Chess INT"]
[Date "2020.05.16"]
[Round "12"]
[White "Chevillon, Celia"]
[Black "Menoux, Abel"]
[Result "1-0"]
[WhiteElo "1433"]
[BlackElo "1141"]
[WhiteFideId "45107459"]
[BlackFideId "36087173"]
[EventDate "2020.05.16"]

1. e4 c6 2. d4 d5 3. e5 Bf5 4. Bd3 Bxd3 5. Qxd3 e6 6. Bf4 c5 7. c3 c4 8. Qc2 Ne7
9. Nf3 Nf5 10. Nbd2 Be7 11. b3 Bh4 12. Bg3 Bxg3 13. hxg3 O-O 14. bxc4 dxc4 15.
Nxc4 Nc6 16. O-O Rc8 17. Ncd2 Ncxd4 18. Nxd4 Nxd4 19. Qd3 Rxc3 20. Qe4 Nb5 21.
Nf3 Qb6 22. Rab1 Qa5 23. Qxb7 a6 24. Rfd1 Rcc8 25. Rd7 Rb8 26. Qc6 Rfc8 27. Qe4
Nc3 28. Rxb8 Rxb8 29. Qd3 Rb1+ 30. Kh2 g6 31. Rd8+ Kg7 32. Rc8 Nd5 33. Qxb1 Qa3
34. Rb8 Qe7 35. Rb7 Qc5 36. Qb2 a5 37. Rb5 Qc7 38. a4 Qe7 39. Qc2 Qa3 40. Qc6
Qxa4 41. Qd7 Qh4+ 42. gxh4 Nf4 43. Rb6 Nh5 44. Rb7 Nf4 45. Qxf7+ Kh6 46. Qxh7# 1-0

[Event "ch-FRA Blitz Online Qual"]
[Site "Europe-Chess INT"]
[Date "2020.05.16"]
[Round "12"]
[White "Monmaille, Eric"]
[Black "Chen, Zhiyue Dashan"]
[Result "1/2-1/2"]
[WhiteElo "1400"]
[BlackElo "1119"]
[WhiteFideId "26064529"]
[BlackFideId "551034930"]
[EventDate "2020.05.16"]

1. e4 e5 2. Nf3 Nc6 3. Bc4 Bc5 4. O-O Nf6 5. d3 O-O 6. Bg5 h6 7. Bh4 d6 8. h3
Be6 9. Nbd2 Bxc4 10. Nxc4 Qe7 11. c3 Rfd8 12. b4 Bb6 13. a4 a6 14. b5 axb5 15.
axb5 Na7 16. Nxb6 cxb6 17. Qb3 Qd7 18. Bxf6 gxf6 19. Rfd1 Qxb5 20. Rab1 Qxb3 21.
Rxb3 Nc6 22. Rxb6 Ra3 23. c4 Nd4 24. Nxd4 exd4 25. Rxb7 Raa8 26. Rb3 Rab8 27.
Rxb8 Rxb8 28. f4 Kg7 29. g4 Kg6 30. Kg2 Rb2+ 31. Kg3 Re2 32. Kf3 Rh2 33. Kg3 Re2
34. f5+ Kg7 35. h4 Rb2 36. Kf4 Rf2+ 37. Kg3 Rb2 38. g5 hxg5 39. hxg5 fxg5 40.
Kg4 Rg2+ 41. Kf3 Rb2 42. Rg1 Kf6 43. Ra1 Rb3 44. Ke2 Rb2+ 45. Kf3 Rb3 46. Ke2
Rb2+ 47. Kf3 1/2-1/2

[Event "ch-FRA Blitz Online Qual"]
[Site "Europe-Chess INT"]
[Date "2020.05.16"]
[Round "12"]
[White "Lebrun, Mathieu"]
[Black "Ninin, Gabriel"]
[Result "0-1"]
[WhiteElo "1177"]
[BlackElo "1426"]
[WhiteFideId "36094099"]
[BlackFideId "45169756"]
[EventDate "2020.05.16"]

1. e4 d5 2. exd5 Nf6 3. Bc4 Nxd5 4. Bxd5 Qxd5 5. Nc3 Qxg2 6. Qf3 Qxf3 7. Nxf3 e6
8. d4 Bd7 9. Bf4 Bc6 10. Ke2 Bb4 11. Rhg1 Bxc3 12. bxc3 g6 13. Bxc7 Na6 14. Be5
O-O 15. Rg3 Nb8 16. Nd2 Nd7 17. Nc4 Nxe5 18. Nxe5 Be4 19. Kd2 Rfd8 20. Re1 Bd5
21. c4 Bc6 22. Nxc6 bxc6 23. c3 Rab8 24. c5 Rb2+ 25. Kd3 Rxf2 26. a4 Ra2 27.
Rgg1 Rxa4 28. Ra1 Rxa1 29. Rxa1 Rd7 30. Ra6 Rc7 31. Ke4 Kf8 32. Ke5 Ke7 33. h3
f6+ 34. Ke4 Kd7 35. c4 Kc8 36. d5 exd5+ 37. cxd5 cxd5+ 38. Kxd5 Kb7 39. Rxf6 a5
40. c6+ Kb6 41. Rd6 a4 42. Rd8 Rxc6 43. Rb8+ Kc7 44. Ra8 Rd6+ 45. Kc4 Rf6 46.
Rxa4 Rf4+ 47. Kb5 Rxa4 48. Kxa4 Kd6 49. Kb4 Ke5 50. Kc4 Kf4 51. Kd5 g5 52. Ke6
h5 53. Kf6 g4 54. hxg4 hxg4 55. Kg6 g3 56. Kh5 g2 57. Kh4 g1=Q 58. Kh5 Qg7 59.
Kh4 Qg4# 0-1

[Event "ch-FRA Blitz Online Qual"]
[Site "Europe-Chess INT"]
[Date "2020.05.16"]
[Round "12"]
[White "Le Cainec, Erwan"]
[Black "Villevieille, Theo"]
[Result "0-1"]
[WhiteElo "1052"]
[BlackElo "1109"]
[WhiteFideId "36089583"]
[BlackFideId "45177970"]
[EventDate "2020.05.16"]

1. d4 d5 2. c4 e6 3. Nc3 Nf6 4. Bg5 Be7 5. Nf3 O-O 6. Qc2 h6 7. Bh4 b6 8. e3
dxc4 9. Bxc4 Bb7 10. O-O Nbd7 11. Ne5 Nxe5 12. dxe5 Nh7 13. Rad1 Qe8 14. Bg3 Qc6
15. Ne2 Qxg2# 0-1

[Event "ch-FRA Blitz Online Qual"]
[Site "Europe-Chess INT"]
[Date "2020.05.16"]
[Round "12"]
[White "Pernoud, Claire"]
[Black "Gusev, Mickael"]
[Result "1-0"]
[WhiteElo "1428"]
[BlackElo "1032"]
[WhiteFideId "663018"]
[BlackFideId "551081997"]
[EventDate "2020.05.16"]

1. e4 e5 2. Nf3 Nc6 3. Bb5 Qe7 4. O-O a6 5. Ba4 Nf6 6. Re1 b5 7. Bb3 Bb7 8. d4
exd4 9. Nxd4 Rd8 10. Nxc6 dxc6 11. Qe2 c5 12. Bg5 c4 13. e5 cxb3 14. exf6 Qxe2
15. Rxe2+ Kd7 16. cxb3 gxf6 17. Bxf6 Rg8 18. g3 Rg6 19. Rd2+ Ke6 20. Bxd8 Bb4
21. Nc3 h5 22. Re1+ Kf5 23. a3 Ba5 24. b4 Bb6 25. Rd7 a5 26. Rxf7+ Kg4 27. Bxc7
axb4 28. Bxb6 Ba6 29. Re4+ Kg5 30. Be3# 1-0

[Event "ch-FRA Blitz Online Qual"]
[Site "Europe-Chess INT"]
[Date "2020.05.16"]
[Round "12"]
[White "Varin, Timeo"]
[Black "Anas, Raphael"]
[Result "0-1"]
[WhiteElo "1287"]
[BlackElo "1421"]
[WhiteFideId "45117527"]
[BlackFideId "45115770"]
[EventDate "2020.05.16"]

1. e4 e5 2. Nf3 Nc6 3. Bc4 Bc5 4. c3 Nf6 5. d4 exd4 6. cxd4 Bb4+ 7. Nc3 Bxc3+ 8.
bxc3 Nxe4 9. O-O O-O 10. Qd3 d5 11. Bb3 Bf5 12. Qe3 Re8 13. Bb2 Ng3 14. Qf4 Ne2+
15. Kh1 Nxf4 16. g3 Nh3 17. Nh4 Be4+ 18. f3 Bd3 19. Rfd1 Nf2+ 0-1

[Event "ch-FRA Blitz Online Qual"]
[Site "Europe-Chess INT"]
[Date "2020.05.16"]
[Round "12"]
[White "Zanin, Sylvie"]
[Black "Mokrani, Romuhald"]
[Result "0-1"]
[WhiteElo "1001"]
[BlackElo "1358"]
[WhiteFideId "45115532"]
[BlackFideId "551061279"]
[EventDate "2020.05.16"]

1. e4 e6 2. Nf3 d5 3. d3 c5 4. e5 Nc6 5. Nbd2 Nge7 6. c3 Ng6 7. d4 cxd4 8. cxd4
Bb4 9. Bb5 O-O 10. Ng5 Nxd4 11. Qh5 h6 12. Bd3 Qxg5 13. Qxg5 hxg5 14. a3 Ba5 15.
b4 Bb6 16. Bb2 Nc6 17. O-O Ncxe5 18. Bxg6 Nxg6 19. Nf3 g4 20. Ne5 Nxe5 21. Bxe5
Bd7 22. Kh1 Bb5 23. Rfd1 Bxf2 24. g3 Bc6 25. Bd4 Bxd4 26. Rxd4 e5 27. Rxg4 d4+
28. Kg1 Rad8 29. a4 a6 30. Rg5 f6 31. Rg6 Kh7 32. Rg4 Bf3 33. Rh4+ Kg8 34. Rc1
d3 35. Rc7 d2 36. Kf2 d1=Q 37. g4 Qe2+ 38. Kg3 Qg2# 0-1

[Event "ch-FRA Blitz Online Qual"]
[Site "Europe-Chess INT"]
[Date "2020.05.16"]
[Round "12"]
[White "Tempier, Martin"]
[Black "Porchel, Baptiste"]
[Result "1-0"]
[WhiteElo "1357"]
[BlackElo "1104"]
[WhiteFideId "36009300"]
[BlackFideId "45193037"]
[EventDate "2020.05.16"]

1. e4 e5 2. Nf3 Nf6 3. Nxe5 Qe7 4. d4 d6 5. Nf3 Nxe4 6. Qe2 d5 7. Nbd2 Nf6 8.
Qxe7+ Bxe7 9. Ne5 Nbd7 10. Ndf3 Bd6 11. Bf4 Nh5 12. Bg3 Nxg3 13. hxg3 Nxe5 14.
Nxe5 Bxe5 15. dxe5 Be6 16. Bd3 g6 17. O-O-O O-O-O 18. f4 Rdf8 19. Rde1 f5 20.
Kd2 c5 21. Bb5 c4 22. c3 a6 23. Ba4 b5 24. Bc2 Kb7 25. Ke3 Kb6 26. Kd4 h5 27.
Rh4 Ra8 28. Reh1 a5 29. g4 fxg4 30. Bxg6 Raf8 31. g3 Bf7 32. Bxf7 Rxf7 33. Rxh5
Rg8 34. Rh6+ Kc7 35. Rh7 Rgg7 36. Rxg7 Rxg7 37. Rh6 Rd7 38. Rg6 b4 39. Rxg4 bxc3
40. bxc3 Kd8 41. Rg6 Ra7 42. Rf6 Rd7 43. g4 Ke7 44. g5 a4 45. g6 Rd8 46. f5 Rh8
47. Kxd5 Rd8+ 48. Rd6 Rf8 49. f6+ Ke8 50. g7 Rg8 51. Ke6 a3 52. f7# 1-0

[Event "ch-FRA Blitz Online Qual"]
[Site "Europe-Chess INT"]
[Date "2020.05.16"]
[Round "12"]
[White "Lequang, Enzo"]
[Black "Chevillon, Manon"]
[Result "0-1"]
[WhiteElo "1068"]
[BlackElo "1356"]
[WhiteFideId "551052911"]
[BlackFideId "45135690"]
[EventDate "2020.05.16"]

1. e4 e5 2. Nf3 Nc6 3. Bc4 Bc5 4. c3 Nf6 5. d3 d6 6. b4 Bb6 7. O-O a6 8. Re1 Bg4
9. Nbd2 Qd7 10. h3 Bxf3 11. Nxf3 O-O 12. Bg5 Kh8 13. Bxf6 gxf6 14. Qd2 Rg8 15.
Qh6 Rg6 16. Qh5 Rag8 17. Nh4 Rg5 18. Qf3 Ne7 19. Qxf6+ R8g7 20. Kh1 Rxg2 21.
Nxg2 Qxh3+ 22. Kg1 Qxg2# 0-1

[Event "ch-FRA Blitz Online Qual"]
[Site "Europe-Chess INT"]
[Date "2020.05.16"]
[Round "12"]
[White "De Nave, Julien"]
[Black "Muller, Patrick"]
[Result "0-1"]
[WhiteElo "1177"]
[BlackElo "1582"]
[WhiteFideId "45188360"]
[BlackFideId "20669216"]
[EventDate "2020.05.16"]

1. e4 e5 2. Nf3 Nc6 3. Bc4 d6 4. c3 Bg4 5. h3 Bxf3 6. Qxf3 Qf6 7. Qxf6 Nxf6 8.
d3 a6 9. Nd2 Na5 10. Bb3 Nxb3 11. Nxb3 b6 12. Bg5 Be7 13. O-O Nd7 14. Bxe7 Kxe7
15. Rae1 f6 16. f3 a5 17. Nd2 Nc5 18. d4 Nd7 19. dxe5 dxe5 20. Rd1 Nc5 21. a3
Rad8 22. b4 axb4 23. axb4 Ne6 24. Nb3 Rxd1 25. Rxd1 Rd8 26. Rxd8 Nxd8 27. Kf2
Kd6 28. Ke3 Ne6 29. g3 c5 30. bxc5+ bxc5 31. c4 Nd4 32. Nxd4 cxd4+ 33. Kd3 Kc5
34. g4 g5 35. Kd2 Kxc4 36. Kc2 d3+ 37. Kd2 Kd4 38. Kd1 Ke3 39. Ke1 Kxf3 40. Kd2
Kxe4 41. h4 gxh4 42. Kd1 Ke3 43. g5 fxg5 44. Ke1 d2+ 45. Kd1 h3 46. Kc2 Ke2 47.
Kc3 d1=Q 48. Kc4 Qd4+ 49. Kb5 Qc3 50. Kb6 Kd3 51. Kb7 Kd4 52. Kb6 Qc5+ 53. Kb7
Kd5 54. Kb8 Qe7 55. Ka8 Kc6 56. Kb8 0-1

[Event "ch-FRA Blitz Online Qual"]
[Site "Europe-Chess INT"]
[Date "2020.05.16"]
[Round "12"]
[White "Bosc, Frederic"]
[Black "Colette, Thierry"]
[Result "1-0"]
[WhiteElo "1365"]
[BlackElo "1411"]
[WhiteFideId "36030970"]
[BlackFideId "36056758"]
[EventDate "2020.05.16"]

1. e4 e5 2. d4 Bd6 3. dxe5 Bxe5 4. Nf3 Nc6 5. Nc3 Nf6 6. Bb5 d6 7. Nxe5 dxe5 8.
Qxd8+ Kxd8 9. Bxc6 bxc6 10. Bg5 Ke7 11. O-O h6 12. Bh4 Re8 13. Rfe1 g5 14. Bg3
Kf8 15. Rad1 Be6 16. Bxe5 Bg4 17. Bxf6 Bxd1 18. Rxd1 Rab8 19. b3 c5 20. Rd7 c4
21. Rxc7 cxb3 22. cxb3 a6 23. f3 Rbc8 24. Rxc8 Rxc8 25. Kf2 Rxc3 26. Bxc3 Ke7
27. Ke3 Kd6 28. Bg7 h5 29. Bh6 g4 30. fxg4 hxg4 31. Kf4 Kc5 32. Kxg4 Kb4 33. Kf5
Ka3 34. Kf6 Kxa2 35. Kxf7 Kxb3 36. Bg7 a5 37. e5 Kc4 38. e6 Kd5 39. e7 a4 40.
e8=Q a3 1-0

[Event "ch-FRA Blitz Online Qual"]
[Site "Europe-Chess INT"]
[Date "2020.05.16"]
[Round "12"]
[White "Meyssirel, Tom"]
[Black "Fernandez, Maylis"]
[Result "1-0"]
[WhiteElo "1333"]
[BlackElo "1165"]
[WhiteFideId "45197245"]
[BlackFideId "45148511"]
[EventDate "2020.05.16"]

1. c4 e5 2. Nc3 f5 3. d4 exd4 4. Qxd4 Bb4 5. Qe5+ Qe7 6. Qxf5 Bxc3+ 7. bxc3 Nf6
8. Nf3 O-O 9. Qc2 d5 10. cxd5 Nxd5 11. e3 Bg4 12. Bc4 Qd6 13. Qb3 c6 14. Ba3 Qf6
15. Bxf8 Qxf8 16. Bxd5+ cxd5 17. Qxd5+ Kh8 18. Qxb7 Qc5 19. O-O Bxf3 20. gxf3
Qg5+ 21. Kh1 Qd8 22. Qxa8 h6 23. Rg1 1-0

[Event "ch-FRA Blitz Online Qual"]
[Site "Europe-Chess INT"]
[Date "2020.05.16"]
[Round "12"]
[White "Molines, Martin"]
[Black "Vidoni, Salma"]
[Result "0-1"]
[WhiteElo "1033"]
[BlackElo "1309"]
[WhiteFideId "45191298"]
[BlackFideId "45107556"]
[EventDate "2020.05.16"]

1. e4 c5 2. Nf3 Nc6 3. d4 cxd4 4. Nxd4 g6 5. Nxc6 bxc6 6. Nc3 Bg7 7. Bd3 Nf6 8.
Bd2 O-O 9. O-O d5 10. exd5 cxd5 11. Bg5 e5 12. Bxf6 Bxf6 13. Re1 Bg7 14. Qf3 Bb7
15. Qe2 d4 16. Ne4 Qd5 17. c4 Qc6 18. b3 f5 19. Nd2 Qxg2# 0-1